00449nam a2200193Ia 4500008004100000020001800041050001400059100001700073245002200090245002500112245001700137260001500154260001600169260000900185300001600194300002700210300001000237500000800247170918s9999 xx 000 0 und d a9780439682008 bZ947 1996 aZullo, Allan aHaunted schools : btrue ghost stories / cAllan Zullo. aNew York : bScholastic, c1996 a128 pages : bcolored illustration ; c19cm. a830